| 000 | 00997nam a2200229 a 4500 | ||
|---|---|---|---|
| 001 | 000041205 | ||
| 005 | 20240305091016.0 | ||
| 008 | 130925s2005 sp 000 0 spa d | ||
| 020 | _a8400083237 | ||
| 040 |
_aDO-SdBNP _bspa _cBNPHU |
||
| 100 | 1 |
_a Martínez Rodríguez, Ma. del Carmen, _q (María del Carmen) _967779 |
|
| 245 | 1 | 4 |
_aLos clones de Albariño (Vitis vinifera L.) seleccionados en el Consejo Superior de Investigaciones Científicas / _cMaría del Carmen Martínez Rodríguez, Susana Boso Alonso, José Luis Santiago Blanco. |
| 260 |
_aMadrid : _bCSIC, _c2005. |
||
| 300 |
_a143 p. : _bil. ; _c24 cm. |
||
| 490 | 1 |
_aBiblioteca de ciencias ; _v19 |
|
| 504 | _aIncluye referencias bibliográficas y notas al pie de las páginas | ||
| 504 | _aBibliografía : p. 123-126 | ||
| 700 | 1 |
_aBoso Alonso, Susana, _967780 |
|
| 700 | 1 |
_aSantiago Blanco, José Luis, _967781 |
|
| 710 | 2 |
_aConsejo Superior de Investigaciones Científicas, _94786 |
|
| 830 | 1 | 0 |
_aBiblioteca de ciencias ; _v19 _938842 |
| 999 |
_c40695 _d40695 |
||